Επενδύσεις / Διοίκηση και Ανάλυση: Τρίτη Έκδοση (Record no. 3740)
[ view plain ]
| 000 -LEADER | |
|---|---|
| fixed length control field | 01988cam a22002054a 4500 |
| 005 - ΗΜΕΡΟΜΗΝΙΑ ΚΑΙ ΩΡΑ ΤΕΛΕΥΤΑΙΑΣ ΕΝΗΜΕΡΩΣΗΣ | |
| Πεδίο ελέγχου | 20250605164124.0 |
| 008 - FIXED-LENGTH DATA ELEMENTS--GENERAL INFORMATION | |
| Πεδίο ελέγχου σταθερού μήκους | 250528s ||||||||||||||||||||||||d |
| 035 ## - SYSTEM CONTROL NUMBER | |
| System control number | 18378 |
| 020 ## - ISBN | |
| ISBN | 9606674029 |
| 040 ## - ΠΗΓΗ ΚΑΤΑΛΟΓΟΓΡΑΦΗΣΗΣ | |
| Φορέας πρωτότυπης καταλογογράφησης | MC Athens Campus Library |
| Γλώσσα καταλογογράφησης | Ελληνικά, Μοντέρνα (1453-) |
| Modifying agency | MC Athens Campus Library |
| Κανόνες περιγραφικής καταλογογράφησης | AACR2 |
| 245 1# - ΤΙΤΛΟΣ ΚΑΙ ΔΗΛΩΣΗ ΥΠΕΥΘΥΝΟΤΗΤΑΣ | |
| Τίτλος | Επενδύσεις / Διοίκηση και Ανάλυση: Τρίτη Έκδοση |
| 250 ## - EDITION STATEMENT | |
| Edition statement | 3η |
| 260 ## - PUBLICATION, DISTRIBUTION, ETC. | |
| Name of publisher, distributor, etc. | Σύγχρονη Εκδοτική, |
| Date of publication, distribution, etc. | 2006 |
| 300 ## - PHYSICAL DESCRIPTION | |
| Extent | 632 |
| 520 ## - SUMMARY, ETC. | |
| Summary, etc. | Εισαγωγή - Κανονισμός, Οι Χρηματοοικονομικές Αγορές, Κανονισμός και Παράγοντες, Υποδομή και Υπηρεσίες και Θεωρίες Επενδύσεων, Υποδομή Χρηματιστηριακών Επενδύσεων, Χρηματιστιριακές Υπηρεσίες και Συναλλαγές, Χρηματιστηριακές Θεωρίες και Τακτικές, Λογαριασμός Margin και Δανεισμός Τίτλων, Δευτερογενείς Αγορές, Αγορά Χρεογράφων, Μετοχικό Κεφάλαιο, Μεταβολή Τιμής και Υπολογισμός Απόδοσης, Ανάλυση και Αξιολόγηση Μετοχών, Ανάλυση Εθνικής Οικονομίας, Ανάλυση Κλάδου, Χρηματοοικονομικές Καταστάσεις και Βασική Ανάλυση, Μετοχική Ανάλυση: Ιστορικά Στοιχεία, Μετοχική Ανάλυση: Πρόβλεψη Κερδών, Μετοχική Ανάλυση: Αποτελεσματικότητα Α.Ε., Μετοχική Ανάλυση: Διάρθρωση Ισολογισμού, Μετοχική Ανάλυση: Αποτίμηση, Τεχνικές Προοπτικές, Τεχνική Ανάλυση, Παράρτημα, Πίνακες, Ευρετήριο. |
| 700 1# - ΠΡΟΣΘΕΤΗ ΑΝΑΓΡΑΦΗ--ΦΥΣΙΚΟ ΠΡΟΣΩΠΟ | |
| Personal name | Παππούλιας Γεώργιος Π |
| 9 (RLIN) | 1109 |
| 942 ## - ADDED ENTRY ELEMENTS (KOHA) | |
| Koha item type | Books |
| Τύπος τεκμηρίου | Βιβλιοθήκη | Τρέχουσα τοποθεσία | Barcode | Αριθμός εισαγωγής | Ημερομηνία απόκτησης | Ταξιθετικό σύμβολο | Αριθμός αντιτύπου | Κατάσταση απόσυρσης | Κατάσταση χαμένου | Κατάσταση κατεστραμμένου | Μη δανεισμός | Σύνολο δανεισμών | Ημερομηνία τελευταίας εμφάνισης | Η τιμή ισχύει από |
|---|---|---|---|---|---|---|---|---|---|---|---|---|---|---|
| Books | MC Athens Campus Library | MC Athens Campus Library | 9780000037398 | 3036 | 05/06/2025 | 658.15 PAP | 1 | 05/06/2025 | 05/06/2025 |